You know you're Lebanese when... /

Saved in:
Bibliographic Details
Corporate Author: Turning Point Books, (Author)
Other Authors: Al-Dahdah, Karim, (Illustrator), Hannouche, Julie, (Editor), Taoukjian, Sabine, (Editor, Translator)
Format: Book
Language:English
Arabic
Published: Beirut, Lebanon : Turning Point Books, December 2011.
Edition:First edition.
Subjects:
Tags: Add Tag
No Tags, Be the first to tag this record!
LEADER 02737cam a2200469Ii 4500
001 014574841-3
005 20170921155247.0
008 160204t20112011le a 000 0 eng d
020 |a 9953016941 
020 |a 9789953016948 
035 0 |a ocn940970720 
040 |a YDXCP  |b eng  |c YDXCP  |d OCLCQ  |d WAU  |d OCLCF 
041 1 |a eng  |a ara  |h eng 
050 1 4 |a DS80.4  |b .Y68 2011 
245 0 0 |6 880-01  |a You know you're Lebanese when... /  |c compilation, Turning Point Books ; illustrations, Karim al-Dahdah ; English editing, Julie Hannouche ; Arabic translation & editing, Sabine Taoukjian = Taʻrifu annaka Lubnānī ʻindamā... / al-naṣṣ, Turnīngh Būynt Būks ; al-rusūm, Karīm al-Daḥdāḥ ; al-tadqīq al-lughawī fī al-naṣṣ al-Inklīzī, Jūlī Ḥannūsh ; al-tarjamah ilá al-ʻArabīyah wa-al-tadqīq al-lughawī fī al-naṣṣ al-ʻArabī, Sābīn Ṭāwuqjīyān. 
246 3 1 |6 880-02  |a Taʻrifu annaka Lubnānī ʻindamā... 
250 |a First edition. 
264 1 |a Beirut, Lebanon :  |b Turning Point Books,  |c December 2011. 
264 4 |c ©2011 
300 |a 1 volume (unpaged) :  |b color illustrations ;  |c 15 x 16 cm 
336 |a text  |b txt  |2 rdacontent 
337 |a unmediated  |b n  |2 rdamedia 
338 |a volume  |b nc  |2 rdacarrier 
546 |a In English with accompanying Arabic translation. 
650 0 |a National characteristics, Lebanese  |v Humor. 
651 0 |a Lebanon  |x Social life and customs  |v Humor. 
650 7 |a Manners and customs.  |2 fast  |0 (OCoLC)fst01007815 
650 7 |a National characteristics, Lebanese.  |2 fast  |0 (OCoLC)fst01033471 
651 7 |a Lebanon.  |2 fast  |0 (OCoLC)fst01206063 
655 7 |a Humor.  |2 fast  |0 (OCoLC)fst01423696 
700 1 |a Al-Dahdah, Karim,  |e illustrator. 
700 1 |a Hannouche, Julie,  |e editor. 
700 1 |a Taoukjian, Sabine,  |e editor,  |e translator. 
710 2 |a Turning Point Books,  |e author,  |e publisher. 
730 0 2 |i Container of (work):  |a You know you're Lebanese when... 
730 0 2 |i Container of (expression):  |a You know you're Lebanese when...  |l Arabic. 
752 |a Lebanon  |d Beirut. 
880 0 0 |6 245-01  |a You know you're Lebanese when... /  |c compilation, Turning Point Books ; illustrations, Karim al-Dahdah ; English editing, Julie Hannouche ; Arabic translation & editing, Sabine Taoukjian = تعرف انك لبناني عندما... / النص، ترنينغ بوينت بوكس ؛ الرسوم، كريم الدحداح ؛ التدقيق اللغوي في النص الانكليزي، جولي حنوش ؛ الترجمة الى العربية والتدقيق اللغوي في النص العربي، سابين طاوقجيان. 
880 3 1 |6 246-02  |a تعرف انك لبناني عندما... 
899 |a 415_565358 
988 |a 20160111 
906 |0 OCLC